Annuario della Reale Accademia d'Italia / (Registro nro. 173071)

Detalles MARC
000 -LEADER
campo de control de longitud fija 00534nas a2200181 i 4500
001 - NÚMERO DE CONTROL
campo de control 173071
003 - IDENTIFICADOR DE NÚMERO DE CONTROL
campo de control ES-MaACL
005 - FECHA Y HORA DE LA ÚLTIMA TRANSACCIÓN
campo de control 20250217134833.0
008 - DATOS DE LONGITUD FIJA--INFORMACIÓN GENERAL
campo de control de longitud fija 091027d19291942it | | ||ta d
022 ## - NÚMERO INTERNACIONAL NORMALIZADO PARA PUBLICACIONES SERIADAS
Número Internacional Normalizado para Publicaciones Seriadas 0365-0235
245 00 - MENCIÓN DEL TÍTULO
Título Annuario della Reale Accademia d'Italia /
Mención de responsabilidad, etc. Accademia d'Italia.
260 ## - PUBLICACIÓN, DISTRIBUCIÓN, ETC.
Lugar de publicación, distribución, etc. Roma :
Nombre del editor, distribuidor, etc. Annuario della Reale Accademia d'Italia,
Fecha de publicación, distribución, etc. 1929-1942.
300 ## - DESCRIPCIÓN FÍSICA
Extensión 4 v. ;
Dimensiones 25 cm.
710 0# - ENTRADA AGREGADA--NOMBRE DE ENTIDAD CORPORATIVA
Nombre de entidad corporativa o nombre de jurisdicción como elemento de entrada Reale Accademia d'Italia.
9 (RLIN) 6406
852 ## - LOCALIZACIÓN
Ubicación ES-MaACL
Número de control de estantería Hem-290
866 #0 - MENCIÓN TEXTUAL DE FONDOS--UNIDAD BIBLIOGRÁFICA BÁSICA
Fondos 1930-34.
Existencias
Estatus retirado Estado de pérdida Estado de daño No para préstamo Colección Biblioteca de origen Biblioteca actual Ubicación en estantería Fecha de adquisición Fuente de adquisición Total de préstamos Signatura topográfica completa Código de barras Visto por última vez Precio de reemplazo Tipo de ítem Koha
        Periódicos y Revistas Biblioteca del Ateneo de Madrid Biblioteca del Ateneo de Madrid Depósito 1 27/10/2009     Hem-290 1181603 23/02/2023 23/02/2023 Revista